000 00364nam a2200133Ia 4500
008 151001s9999||||xx |||||||||||||| ||und||
100 _aप्रभा नारायण
245 _aचूँ चूँ कि परदेस यात्रा
250 _a1
260 _bसाक्षी
260 _c2008
300 _a56
365 _b21
999 _c989903
_d989900